000 00757nam a2200265 a 4500
001 76730
003 BD-RjUL
005 20211209082858.0
008 200115r19451944enk 000 0 eng u
035 _a45-01103
035 _a(OCoLC)1306105
035 _a(BD-RjUL)76954
040 _aGUA
_dm.c
_dOCL
_dEQO
_dBD-RjUL
_beng
_cBD-RjUL
041 _aeng
082 _223
_a821.91
_bYOI 1945
100 1 _aYoung, Francis Brett,
_d1884-1954.
_9237600
245 1 4 _aThe island /
_cFrancis Brett Young
260 _aLondon :
_bWilliam Heinemann,
_c1944, [reprinted 1945]
300 _aviii, 451 p. ;
_c21 cm.
500 _aAn epic poem
651 0 _aGreat Britain
_xHistory
_vPoetry
_9237601
942 _2ddc
_cBK
999 _c76730
_d76730